| Tag |
First Indicator |
Second Indicator |
Subfields |
| LEADER |
00000cgm a2200000Mi 4500 |
| 001 |
in00005555152 |
| 006 |
m o c |
| 007 |
cr |n||||||||a |
| 007 |
vz |za|z| |
| 008 |
211006s2016 ilu003 e o vneng d |
| 005 |
20241201230853.0 |
| 035 |
|
|
|a (OCoLC)on1296417748
|
| 040 |
|
|
|a ALSTP
|b eng
|e rda
|c ALSTP
|d OCLCO
|d OCLCF
|d CJT
|d OCLCA
|
| 019 |
|
|
|a 1373553374
|
| 035 |
|
|
|a (OCoLC)1296417748
|z (OCoLC)1373553374
|
| 049 |
|
|
|a TXAM
|
| 245 |
0 |
0 |
|a Demystified.
|p Understand how tornadoes form out of an updraft of warm air and a downdraft of cool air /
|c [produced by Andrew Green] ; [script and narration Andrew Green].
|
| 246 |
3 |
0 |
|a Understand how tornadoes form out of an updraft of warm air and a downdraft of cool air
|
| 264 |
|
1 |
|a Chicago, IL :
|b Encyclopedia Britannica,
|c 2016.
|
| 300 |
|
|
|a 1 online resource (3 minutes)
|
| 306 |
|
|
|a 000221
|
| 336 |
|
|
|a two-dimensional moving image
|b tdi
|2 rdacontent
|
| 337 |
|
|
|a computer
|b c
|2 rdamedia
|
| 337 |
|
|
|a video
|b v
|2 rdamedia
|
| 338 |
|
|
|a online resource
|b cr
|2 rdacarrier
|
| 347 |
|
|
|a video file
|2 rdaft
|
| 490 |
0 |
|
|a Demystified
|
| 500 |
|
|
|a Title from resource description page (viewed February 4, 2022).
|
| 520 |
|
|
|a Demystified: How do tornadoes form?
|
| 546 |
|
|
|a In English.
|
| 650 |
|
0 |
|a Tornadoes.
|
| 650 |
|
0 |
|a Weather.
|
| 650 |
|
2 |
|a Weather
|
| 650 |
|
6 |
|a Tornades.
|
| 650 |
|
6 |
|a Temps (Météorologie)
|
| 650 |
|
7 |
|a Tornadoes.
|2 fast
|0 (OCoLC)fst01152763
|
| 650 |
|
7 |
|a Weather.
|2 fast
|0 (OCoLC)fst01173087
|
| 655 |
|
7 |
|a Animated films.
|2 fast
|0 (OCoLC)fst01726127
|
| 655 |
|
7 |
|a Educational films.
|2 fast
|0 (OCoLC)fst01726235
|
| 655 |
|
7 |
|a Short films.
|2 fast
|0 (OCoLC)fst01710364
|
| 655 |
|
7 |
|a Educational films.
|2 lcgft
|
| 655 |
|
7 |
|a Animated films.
|2 lcgft
|
| 655 |
|
7 |
|a Short films.
|2 lcgft
|
| 655 |
|
7 |
|a Films éducatifs.
|2 rvmgf
|
| 655 |
|
7 |
|a Courts métrages.
|2 rvmgf
|
| 700 |
1 |
|
|a Green, Andrew,
|e director,
|e narrator.
|
| 710 |
2 |
|
|a Encyclopaedia Britannica, Inc.,
|e publisher.
|
| 856 |
4 |
0 |
|u http://proxy.library.tamu.edu/login?url=https://www.aspresolver.com/aspresolver.asp?MARC;5136722
|z Connect to this streaming video (Alexander Street Press)
|t 0
|
| 955 |
|
|
|a Alexander Street Press subscription streaming video
|
| 994 |
|
|
|a 92
|b TXA
|
| 999 |
f |
f |
|s 2e174941-12d5-472d-9b23-0ffdc5c7b6da
|i 9fea293f-78ed-4009-94f0-dd0e1b34044e
|t 0
|
| 952 |
f |
f |
|a Texas A&M University
|b College Station
|c Electronic Resources
|d Available Online
|t 0
|h Library of Congress classification
|
| 998 |
f |
f |
|t 0
|l Available Online
|